000 00654nam a2200205 i 4500
001 20370
003 ES-MaACL
005 20251012173903.0
007 t|
008 021112s1966 sp e |||| | spa d
100 1 _aAguilar Piñal, Francisco.
_918744
245 1 3 _aLa Sevilla de Olavide 1767-1778 /
_cFrancisco Aguilar Piñal.
260 _aSevilla :
_bAyuntamiento de Sevilla,
_c1966.
300 _aVIII, 248 p. :
_b[1] h. pleg. de plano ;
_c25 cm.
600 1 4 _aOlavide, Pablo de,
_d1725-1803
_9174364
651 4 _aSevilla-
_xHistoria-
_yS.XVIII.
_9165127
852 _aES-MaACL
_jC-31049
852 _aES-MaACL
_jC-31274
999 _c20370
_d20370